| 000 | 00577nam a2200193 i 4500 | ||
|---|---|---|---|
| 001 | 184647 | ||
| 003 | ES-MaACL | ||
| 005 | 20251116063115.0 | ||
| 008 | 151029s1963 sp |||| | spa d | ||
| 080 | _a821.134.2-14"19" | ||
| 100 | 1 |
_aPenagos, Rafael de, _d1924-2010 _990147 |
|
| 245 | 1 | 0 |
_aDeclaración de equipaje / _cRafael de Penagos. |
| 260 |
_a[Madrid] : _bAfrodisio Aguado, _c1963. |
||
| 300 |
_a71 p. ; _c23 cm. |
||
| 490 | 1 | _aColección "Guiomar" | |
| 830 | 0 |
_aColección "Guiomar" _9225111 |
|
| 852 |
_aES-MaACL _jC-24508 |
||
| 999 |
_c184647 _d184647 |
||